00883cam a2200229 a 450000100100000000500170001000800410002704000310006808200190009910000310011824501030014926000540025230000210030649000280032750400290035565000280038465000330041283000370044591000340048295201220051699900150063800000208420200929145827.0730409s1970 fr b 001 0 fre  aDO-SdBNPcOClUdOCoLCdDLC a447.415bM215m1 aMahmoudian, Morteza.9670614aLes modalités nominales en français :bessai de syntaxe fonctionnelle /cMortéza Mahmoudian. aParis :bPresses universitaires de France,c1970. a280 p. ;c18 cm.1 aSup Le Linguistevno. 9 aBibliografìa: p. [277] 4aFrancesxSintaxis96707 4aModelos linguísticos96708 0aSup Le Linguiste ;vno. 9.96709 aCatalogación por copia / LC 001052708MOaGRbGRcCTd2009-09-22iLF1l0o447.415 M215mp2084-10r2020-06-25w2020-06-25y2ZPréstamo interno c1944d1944